<?xml version="1.0" encoding="UTF-8"?>
<record
    xmlns:xsi="http://www.w3.org/2001/XMLSchema-instance"
    xsi:schemaLocation="http://www.loc.gov/MARC21/slim http://www.loc.gov/standards/marcxml/schema/MARC21slim.xsd"
    xmlns="http://www.loc.gov/MARC21/slim">

  <leader>00358nam a22001577a 4500</leader>
  <controlfield tag="008">231204b        |||||||| |||| 00| 0 eng d</controlfield>
  <datafield tag="020" ind1=" " ind2=" ">
    <subfield code="a">9789354665691</subfield>
  </datafield>
  <datafield tag="040" ind1=" " ind2=" ">
    <subfield code="a">02</subfield>
  </datafield>
  <datafield tag="082" ind1=" " ind2=" ">
    <subfield code="a">612.5(CHA)</subfield>
  </datafield>
  <datafield tag="100" ind1=" " ind2=" ">
    <subfield code="a">CHAURASIA,B.D.</subfield>
  </datafield>
  <datafield tag="245" ind1=" " ind2=" ">
    <subfield code="a">A HAND BOOK OF GENERAL ANATOMY</subfield>
  </datafield>
  <datafield tag="250" ind1=" " ind2=" ">
    <subfield code="a">7TH</subfield>
  </datafield>
  <datafield tag="260" ind1=" " ind2=" ">
    <subfield code="a">NEW DELHI</subfield>
    <subfield code="b">CBS</subfield>
    <subfield code="c">2023</subfield>
  </datafield>
  <datafield tag="300" ind1=" " ind2=" ">
    <subfield code="a">450</subfield>
  </datafield>
  <datafield tag="942" ind1=" " ind2=" ">
    <subfield code="c">01</subfield>
  </datafield>
  <datafield tag="999" ind1=" " ind2=" ">
    <subfield code="c">57764</subfield>
    <subfield code="d">57764</subfield>
  </datafield>
  <datafield tag="952" ind1=" " ind2=" ">
    <subfield code="0">0</subfield>
    <subfield code="1">0</subfield>
    <subfield code="2">ddc</subfield>
    <subfield code="4">0</subfield>
    <subfield code="6">612_000000000000000_5CHA</subfield>
    <subfield code="7">0</subfield>
    <subfield code="9">525193</subfield>
    <subfield code="a">02</subfield>
    <subfield code="b">02</subfield>
    <subfield code="d">2023-12-04</subfield>
    <subfield code="e">KIRTI</subfield>
    <subfield code="g">450.00</subfield>
    <subfield code="l">0</subfield>
    <subfield code="o">612.5(CHA)</subfield>
    <subfield code="p">02-B-13825</subfield>
    <subfield code="r">2023-12-04</subfield>
    <subfield code="w">2023-12-04</subfield>
    <subfield code="y">01</subfield>
  </datafield>
  <datafield tag="952" ind1=" " ind2=" ">
    <subfield code="0">0</subfield>
    <subfield code="1">0</subfield>
    <subfield code="2">ddc</subfield>
    <subfield code="4">0</subfield>
    <subfield code="6">612_000000000000000_5CHA</subfield>
    <subfield code="7">0</subfield>
    <subfield code="9">525194</subfield>
    <subfield code="a">02</subfield>
    <subfield code="b">02</subfield>
    <subfield code="d">2023-12-04</subfield>
    <subfield code="e">KIRTI</subfield>
    <subfield code="g">450.00</subfield>
    <subfield code="l">1</subfield>
    <subfield code="o">612.5(CHA)</subfield>
    <subfield code="p">02-B-13826</subfield>
    <subfield code="r">2025-07-16</subfield>
    <subfield code="s">2025-07-05</subfield>
    <subfield code="w">2023-12-04</subfield>
    <subfield code="y">01</subfield>
  </datafield>
  <datafield tag="952" ind1=" " ind2=" ">
    <subfield code="0">0</subfield>
    <subfield code="1">0</subfield>
    <subfield code="2">ddc</subfield>
    <subfield code="4">0</subfield>
    <subfield code="6">612_000000000000000_5CHA</subfield>
    <subfield code="7">0</subfield>
    <subfield code="9">525195</subfield>
    <subfield code="a">02</subfield>
    <subfield code="b">02</subfield>
    <subfield code="d">2023-12-04</subfield>
    <subfield code="e">KIRTI</subfield>
    <subfield code="g">450.00</subfield>
    <subfield code="l">0</subfield>
    <subfield code="o">612.5(CHA)</subfield>
    <subfield code="p">02-B-13827</subfield>
    <subfield code="r">2023-12-04</subfield>
    <subfield code="w">2023-12-04</subfield>
    <subfield code="y">01</subfield>
  </datafield>
  <datafield tag="952" ind1=" " ind2=" ">
    <subfield code="0">0</subfield>
    <subfield code="1">0</subfield>
    <subfield code="2">ddc</subfield>
    <subfield code="4">0</subfield>
    <subfield code="6">612_000000000000000_5CHA</subfield>
    <subfield code="7">0</subfield>
    <subfield code="9">525196</subfield>
    <subfield code="a">02</subfield>
    <subfield code="b">02</subfield>
    <subfield code="d">2023-12-04</subfield>
    <subfield code="e">KIRTI</subfield>
    <subfield code="g">450.00</subfield>
    <subfield code="l">0</subfield>
    <subfield code="o">612.5(CHA)</subfield>
    <subfield code="p">02-B-13828</subfield>
    <subfield code="r">2023-12-04</subfield>
    <subfield code="w">2023-12-04</subfield>
    <subfield code="y">01</subfield>
  </datafield>
  <datafield tag="952" ind1=" " ind2=" ">
    <subfield code="0">0</subfield>
    <subfield code="1">0</subfield>
    <subfield code="2">ddc</subfield>
    <subfield code="4">0</subfield>
    <subfield code="6">612_000000000000000_5CHA</subfield>
    <subfield code="7">0</subfield>
    <subfield code="9">525197</subfield>
    <subfield code="a">02</subfield>
    <subfield code="b">02</subfield>
    <subfield code="d">2023-12-04</subfield>
    <subfield code="e">KIRTI</subfield>
    <subfield code="g">450.00</subfield>
    <subfield code="l">0</subfield>
    <subfield code="o">612.5(CHA)</subfield>
    <subfield code="p">02-B-13829</subfield>
    <subfield code="r">2023-12-04</subfield>
    <subfield code="w">2023-12-04</subfield>
    <subfield code="y">01</subfield>
  </datafield>
</record>
